Nuevos conceptos en patología nerviosa (Record no. 50318)

MARC details
000 -LEADER
campo de control de longitud fija 00571nam a2200157 i 4500
001 - NÚMERO DE CONTROL
campo de control 50318
003 - IDENTIFICADOR DE NÚMERO DE CONTROL
campo de control ES-MaACL
007 - CAMPO FIJO DE DESCRIPCIÓN FÍSICA--INFORMACIÓN GENERAL
campo de control de longitud fija t|
008 - DATOS DE LONGITUD FIJA--INFORMACIÓN GENERAL
campo de control de longitud fija 030801s1943 ag ||||1| spa d
100 1# - ENTRADA PRINCIPAL--NOMBRE DE PERSONA
Nombre de persona Cruchet, René.
9 (RLIN) 41765
245 10 - MENCIÓN DEL TÍTULO
Título Nuevos conceptos en patología nerviosa
Resto del título : sus aplicaciones a la clínica neuro-psiquiátrica y a la medicina general /
Mención de responsabilidad, etc. René Cruchet ; prólogo de V. Dimitri.
260 ## - PUBLICACIÓN, DISTRIBUCIÓN, ETC.
Lugar de publicación, distribución, etc. Buenos Aires :
Nombre del editor, distribuidor, etc. Médico-Quirúrgica,
Fecha de publicación, distribución, etc. [1943]
300 ## - DESCRIPCIÓN FÍSICA
Extensión 274 p., 7 lám. :
Otras características físicas il. ;
Dimensiones 24 cm.
700 1# - ENTRADA AGREGADA--NOMBRE PERSONAL
Nombre de persona Dimitri, V.
9 (RLIN) 44824
852 ## - LOCALIZACIÓN
Ubicación ES-MaACL
Número de control de estantería E-368
Sublocalización o colección R.22477
Holdings
Estatus retirado Estado de pérdida Estado de daño No para préstamo Biblioteca de origen Biblioteca actual Ubicación en estantería Fecha de adquisición Fuente de adquisición Total de préstamos Signatura topográfica completa Código de barras Visto por última vez Precio de reemplazo Tipo de ítem Koha
        Biblioteca del Ateneo de Madrid Biblioteca del Ateneo de Madrid Depósito 2 17/01/2008     E-368 1052927 23/02/2023 23/02/2023 Libro impreso